| 000 | 01009nam a22003377a 4500 | ||
|---|---|---|---|
| 001 | 000617 | ||
| 003 | DO-SdBNP | ||
| 005 | 20180118094753.0 | ||
| 007 | 000617 | ||
| 008 | 161027b 1993 sp a ||||| |||| 00| 0 spa d | ||
| 020 | _a8434822822 | ||
| 040 |
_aBPMSU _bspa _cBPMSU |
||
| 041 | 1 | 7 |
_aspa _heng |
| 082 |
_axxxx _bxxxx |
||
| 100 | 1 | _aDickens, Mónica | |
| 240 | 1 | 0 |
_aThe house at world's end. _lEspañol |
| 245 | 1 | 0 |
_aLa casa del fin del mundo / _cMónica Dickens ; traducción del inglés, Ana Moret ; ilustraciones, Mónica Echevarría |
| 250 | _a5a ed. | ||
| 260 |
_aMadrid : _bSM, _c1993 |
||
| 300 |
_a156 p. : _bil. ; _c19 cm. |
||
| 490 | 1 |
_aEl barco de vapor _v43 |
|
| 490 | 1 | _aRoja | |
| 500 | _aTraducción de: The house at world's end | ||
| 700 | 1 |
_aMoret, Ana, _etr. |
|
| 700 | 1 |
_aEchevarría, Mónica, _eil. |
|
| 830 | 0 |
_aEl barco de vapor ; _v43 |
|
| 830 | 0 | _aRoja | |
| 942 |
_2ddc _cBK |
||
| 945 | _aInventariado, 2018 /LP | ||
| 956 |
_aLOPEREZ _b10 _c20161028 _dBPMSU |
||
| 999 |
_c11725 _d11725 |
||